Study of the rate of dissolution of different grades of latex crepe rubbers in petroleum solvents (Record no. 69814)

MARC details
000 -LEADER
fixed length control field 00500nam a2200157Ia 4500
100 ## - MAIN ENTRY--AUTHOR NAME
Personal name Tillekeratne L M K
245 #0 - TITLE STATEMENT
Title Study of the rate of dissolution of different grades of latex crepe rubbers in petroleum solvents
260 ## - PUBLICATION, DISTRIBUTION, ETC. (IMPRINT)
Name of publisher Journal of the Rubber Research Institute of Sri Lanka
Year of publication 1987
300 ## - PHYSICAL DESCRIPTION
Number of Pages 27-31
650 ## - SUBJECT ADDED ENTRY--TOPICAL TERM
Topical Term Latex crepe rubber
650 ## - SUBJECT ADDED ENTRY--TOPICAL TERM
Topical Term Petroleum solvents
700 ## - ADDED ENTRY--PERSONAL NAME
Personal name Perera M C S
700 ## - ADDED ENTRY--PERSONAL NAME
Personal name Weeraman S
942 ## - ADDED ENTRY ELEMENTS (KOHA)
Koha item type Journals
Holdings
Withdrawn status Lost status Damaged status Not for loan Home library Current library Shelving location Date acquired Serial Enumeration / chronology Koha item type
      Journals RRII Library RRII Library Rubber chemistry 17/12/2021 Volume 67, Issue Journals